zpět

Detail výsledku týmu

Café Hostel, České Budějovice

Datum a čas kvízu

34.5 Celkem bodů Celkový počet nahraných bodů na tomto kvízu bez doplňovacích otázek.
5. Pořadí na kvízu Konečné umístění týmu na tomto kvízu.

Zaznamenané odpovědi

# Otázka Odpověď Body Výsledky
1. Které konkrétní neočekávané zb... kokain 1
2. Která země letos pořádala svět... Jižní Korea 1
3. Ve čtvrtek mělo v českých kine... Gran Turismo, Orlando Bloom 0
4. Jak se nazývá každoroční meteo... Perseidy 1
5. Tuzemský fotbalový pohár minul... z Prostějova 0
6. Tentokrát se podíváme na různá... 1D 2B 3C 4A 1
7. Doplňte město do názvu dobrodr... York, Daniel Defoe 0.5
8. Několik románů amerického spi... Brazílie, Stepford 0.5
9. Poslední dvě otázky tohoto tém... Pablo Picasso, Avignonské slečny 1
10. Napište jméno autora této uměl... David Černý 1